000 01049nam a2200277 i 4500
003 DO-SdBNP
005 20250411092626.0
007 ta
008 250411b2024 dr ac||| |||| 00| 0 spa d
020 _a9789945946802
040 _aDO-SdBNP
_bspa
_cBNPHU
_erda
041 _aspa
082 4 _a0
_bO96L
_222
100 1 _aOviedo, Mejía Henry
_d1955-
_eautor
_4aut.
_987422
245 1 3 _aEn lontananza :
_bhacia los confines del pensamiento /
_cHenry Mejía Oviedo ; edición, revisión y diagramación Janley Rivera Mejías y Harold Frías Maggiolo.
250 _aPrimera edición
264 4 _aSanto Domingo :
_bDurandarte Ediciones,
_c©2024.
300 _a176 página :
_bilustraciones, fotografías ;
_c23 cm.
336 _atexto
_btxt
_2rdacontent
337 _asin mediación
_bn
_2rdamedia
338 _avolumen
_bnc
_2rdacarrier
500 _aIncluye datos biográficos de la autora en las solapas
700 1 _aJanley Rivera Mejías
_eeditor
_4ed.
_987423
700 1 _aHarold Frías Maggiolo, Harold
_eeditor
_4ed.
_987424
942 _2ddc
_cLBS1
999 _c58181
_d58181